[Event "LTU-ch"]
[Site "Vilnius"]
[Date "2019.03.20"]
[Round "8"]
[White "Bagdanskis, Dangis"]
[Black "Voronov, Vadim"]
[Result "1-0"]
[WhiteElo "1716"]
[BlackElo "1784"]
[PlyCount "67"]
[EventDate "2019.03.15"]
[EventType "swiss"]
[EventRounds "9"]
[EventCountry "LTU"]
[SourceTitle "EXT 2020"]
[Source "ChessBase"]
[SourceDate "2019.10.17"]
[SourceVersion "1"]
[SourceVersionDate "2019.10.17"]
[SourceQuality "1"]

1. d4 d5 2. Nf3 Nf6 3. c3 c5 4. dxc5 a5 5. e3 e6 6. b4 Nc6 7. Bb5 Bd7 8. Bxc6 Bxc6 9. 0-0 g6 10. Bb2 Bg7 11. Nbd2 0-0 12. Nd4 Qc7 13. a4 e5 14. Nxc6 bxc6 15. f3 e4 16. fxe4 Nxe4 17. Nxe4 dxe4 18. Qc2 f5 19. Rfd1 Rab8 20. Rab1 Rfd8 21. Ba1 Be5 22. Qb3+ Kh8 23. h3 Qg7 24. b5 Qe7 25. Rxd8+ Rxd8 26. Qa3 Rd3 27. bxc6 Qg5 28. Qc1 Qe7 29. c4 Qxc5 30. Bxe5+ Qxe5 31. Qb2 Rd1+ 32. Kf2 Qxb2+ 33. Rxb2 Rd6 34. c7 1-0

[Event "LTU-ch"]
[Site "Vilnius"]
[Date "2019.03.19"]
[Round "7"]
[White "Voronov, Vadim"]
[Black "Posaskov, Nikita"]
[Result "1/2-1/2"]
[WhiteElo "1784"]
[BlackElo "1504"]
[PlyCount "107"]
[EventDate "2019.03.15"]
[EventType "swiss"]
[EventRounds "9"]
[EventCountry "LTU"]
[SourceTitle "EXT 2020"]
[Source "ChessBase"]
[SourceDate "2019.10.17"]
[SourceVersion "1"]
[SourceVersionDate "2019.10.17"]
[SourceQuality "1"]

1. e4 d5 2. exd5 Qxd5 3. Nc3 Qa5 4. d4 c6 5. Nf3 Bf5 6. Bc4 e6 7. Bd2 Qc7 8. 0-0 Nf6 9. Re1 Be7 10. Ne5 Nbd7 11. Bf4 Nxe5 12. Bxe5 Qd7 13. Bd3 Bxd3 14. Qxd3 0-0 15. Rad1 Rfd8 16. Qg3 Bd6 17. Qg5 Qe7 18. Rd3 Bxe5 19. dxe5 Nd5 20. Qxe7 Nxe7 21. Red1 Rxd3 22. Rxd3 Ng6 23. Re3 Rd8 24. Re2 Ne7 25. Kf1 Nd5 26. Ne4 Nf4 27. Rd2 Rxd2 28. Nxd2 Ng6 29. Nf3 Kf8 30. g3 Ke7 31. h4 f6 32. exf6+ gxf6 33. Ke2 Kd6 34. Nd2 b6 35. Kf3 h5 36. Nc4+ Ke7 37. Ne3 f5 38. Ng2 e5 39. Ke3 Ke6 40. Kd3 Ne7 41. Kc4 Nd5 42. a3 Nf6 43. Kd3 Ne4 44. Ke2 Nf6 45. Ne1 Nd5 46. Nf3 Nc7 47. Ng5+ Kf6 48. Nf3 Ke6 49. Ne1 Nb5 50. Kd3 Nd6 51. f3 c5 52. b3 Nb5 53. a4 Nd4 54. Kc4 1/2-1/2

[Event "Vilnius Zavanelli Memorial op-B"]
[Site "Vilnius"]
[Date "2018.10.28"]
[Round "6"]
[White "Cibulskis, Vaclovas"]
[Black "Voronov, Vadim"]
[Result "0-1"]
[WhiteElo "1817"]
[BlackElo "1773"]
[PlyCount "54"]
[EventDate "2018.10.25"]
[EventType "swiss"]
[EventRounds "7"]
[EventCountry "LTU"]
[SourceTitle "EXT 2021"]
[Source "ChessBase"]
[SourceDate "2020.10.23"]
[SourceVersion "1"]
[SourceVersionDate "2020.10.23"]
[SourceQuality "1"]

1. e4 e5 2. Nf3 Nc6 3. Bc4 Nf6 4. Nc3 Nxe4 5. Bxf7+ Kxf7 6. Nxe4 d5 7. Neg5+ Kg8 8. d4 h6 9. Nh3 Bg4 10. dxe5 Nxe5 11. Nf4 c6 12. Qe2 Bd6 13. Be3 Qf6 14. 0-0-0 g5 15. h3 gxf4 16. hxg4 fxe3 17. g5 hxg5 18. Rxh8+ Kxh8 19. fxe3 Nxf3 20. gxf3 Kg7 21. Rg1 Re8 22. Qf2 Rxe3 23. Kb1 Rxf3 24. Qg2 Rg3 25. Qh1 Qf3 26. a3 Qxh1 27. Rxh1 g4 0-1

[Event "Vilnius Zavanelli Memorial op-B"]
[Site "Vilnius"]
[Date "2018.10.25"]
[Round "1"]
[White "Voronov, Vadim"]
[Black "Jalanskij, Sergej"]
[Result "0-1"]
[WhiteElo "1773"]
[BlackElo "2020"]
[PlyCount "64"]
[EventDate "2018.10.25"]
[EventType "swiss"]
[EventRounds "7"]
[EventCountry "LTU"]
[SourceTitle "CBM 187 Extra"]
[Source "ChessBase"]
[SourceDate "2018.11.04"]
[SourceVersion "1"]
[SourceVersionDate "2018.11.04"]
[SourceQuality "1"]

1. e4 e6 2. d4 d5 3. Nc3 Nf6 4. e5 Nfd7 5. f4 c5 6. Nf3 Nc6 7. Be3 Qb6 8. Na4 Qa5+ 9. c3 cxd4 10. b4 Nxb4 11. cxb4 Bxb4+ 12. Bd2 g5 13. fxg5 Bxd2+ 14. Nxd2 Nxe5 15. Nb2 Bd7 16. Bd3 Qc3 17. 0-0 Qxb2 18. Rb1 Qa3 19. Rb3 Qd6 20. Qh5 0-0-0 21. Rfb1 Bc6 22. Bb5 Bxb5 23. Rxb5 Rd7 24. Nb3 a6 25. Rc5+ Kb8 26. Qh4 Rg8 27. Ra5 Nc4 28. Rc5 e5 29. Qxh7 Rxg5 30. Qh8+ Rd8 31. Qh4 Rdg8 32. g3 b6 0-1

[Event "Liepajas Rokade op"]
[Site "Liepaja"]
[Date "2018.08.02"]
[Round "1"]
[White "Kulaots, Kaido"]
[Black "Voronov, Vadim"]
[Result "1-0"]
[WhiteElo "2554"]
[BlackElo "1757"]
[PlyCount "37"]
[EventDate "2018.08.02"]
[EventType "swiss (rapid)"]
[EventRounds "13"]
[EventCountry "LAT"]
[SourceTitle "CBM 185 Extra"]
[Source "ChessBase"]
[SourceDate "2018.07.29"]
[SourceVersion "1"]
[SourceVersionDate "2018.07.29"]
[SourceQuality "1"]

1. e4 e5 2. Nf3 Nc6 3. Bb5 f5 4. d3 fxe4 5. dxe4 Nf6 6. 0-0 Bc5 7. Nc3 d6 8. Bg5 0-0 9. Nd5 Kh8 10. c3 Ne7 11. Nxf6 gxf6 12. Bh6 Rg8 13. Bc4 Rg4 14. Nd2 f5 15. Be3 Bb6 16. Bxb6 axb6 17. f4 Qf8 18. fxe5 dxe5 19. Qxg4 1-0

[Event "Vilnius School Rating"]
[Site "Vilnius"]
[Date "2017.06.03"]
[Round "3.6"]
[White "Maziukaite, Kristina"]
[Black "Voronov, Vadim"]
[Result "0-1"]
[WhiteElo "1342"]
[BlackElo "1755"]
[PlyCount "124"]
[EventDate "2017.06.02"]
[EventType "swiss"]
[EventRounds "5"]
[EventCountry "LTU"]
[SourceTitle "EXT 2024"]
[Source "ChessBase"]
[SourceDate "2023.10.10"]
[SourceVersion "1"]
[SourceVersionDate "2023.10.10"]
[SourceQuality "1"]

1. d4 d5 2. c4 Bf5 3. Nf3 e6 4. Nc3 Nc6 5. a3 Nf6 6. Bg5 Be7 7. e3 0-0 8. Bd3 Bxd3 9. Qxd3 h6 10. Bh4 Re8 11. 0-0 dxc4 12. Qxc4 Nd5 13. Bxe7 Ncxe7 14. Rac1 c6 15. Nd2 Nxc3 16. Qxc3 Nd5 17. Qc2 e5 18. Nf3 e4 19. Ne5 f6 20. Nc4 Re6 21. Qd2 f5 22. f3 Qg5 23. f4 Qh4 24. Qf2 Qh5 25. Rce1 Nf6 26. Ne5 Ng4 27. Nxg4 Qxg4 28. Qe2 Qg6 29. Qc4 Rd8 30. Qb3 Qf7 31. Qc2 Rd5 32. Qf2 Qh5 33. Qe2 Qh4 34. Qf2 Qd8 35. Qc2 Kh7 36. Qe2 Rg6 37. Qf2 Rgd6 38. Rc1 c5 39. dxc5 Rc6 40. b4 Rd2 41. Qe1 Rc7 42. Rf2 Rcd7 43. Rxd2 Rxd2 44. h3 Qd3 45. Kh1 Re2 46. Qc3 Rxe3 47. Qxd3 Rxd3 48. Ra1 Kg6 49. Kg1 Kf6 50. Kf2 g5 51. fxg5+ hxg5 52. Ke2 f4 53. Ra2 Rg3 54. Kf2 Ke5 55. Kf1 Rd3 56. Ke2 Rg3 57. Kf2 Rb3 58. Ke2 e3 59. Kf3 Kd4 60. Ke2 Rb1 61. Kf3 Rf1+ 62. Kg4 Rf2 0-1

[Event "Vilnius School Rating"]
[Site "Vilnius"]
[Date "2017.06.03"]
[Round "2.3"]
[White "Voronov, Vadim"]
[Black "Shalabayev, Syrym"]
[Result "0-1"]
[WhiteElo "1755"]
[BlackElo "1833"]
[PlyCount "114"]
[EventDate "2017.06.02"]
[EventType "swiss"]
[EventRounds "5"]
[EventCountry "LTU"]
[SourceTitle "EXT 2024"]
[Source "ChessBase"]
[SourceDate "2023.10.10"]
[SourceVersion "1"]
[SourceVersionDate "2023.10.10"]
[SourceQuality "1"]

1. e4 d6 2. d4 g6 3. Nc3 Bg7 4. Be3 Nf6 5. Qd2 Ng4 6. Bg5 Nc6 7. f3 f6 8. Bh4 Bh6 9. f4 e5 10. dxe5 Ngxe5 11. 0-0-0 Be6 12. Kb1 Bxf4 13. Qxf4 g5 14. Qf2 gxh4 15. Qxh4 0-0 16. Nf3 Ng6 17. Qh6 Qe7 18. Nd5 Qf7 19. Bd3 Nce5 20. Rhf1 Ng4 21. Qc1 Qg7 22. h3 N4e5 23. h4 c6 24. Ne3 Qh6 25. Nf5 Qxc1+ 26. Kxc1 d5 27. N3d4 Bxf5 28. Nxf5 Ng4 29. exd5 Rae8 30. Rde1 cxd5 31. Bb5 Re5 32. h5 Rxe1+ 33. Rxe1 N6e5 34. Ne7+ Kg7 35. Nxd5 Kh6 36. Nf4 Rf7 37. Be2 Kg5 38. g3 Re7 39. Nh3+ Kxh5 40. Nf4+ Kg5 41. Rh1 f5 42. Rh5+ Kf6 43. Nd5+ Kg6 44. Nxe7+ Kxh5 45. Nxf5 Kg5 46. Nd6 Ne3 47. Nxb7 Nf5 48. Kd2 Nxg3 49. Nd6 h5 50. Ke3 Nxe2 51. Kxe2 Kf4 52. Kf2 Ng4+ 53. Kg1 Ne5 54. Nb5 a5 55. Nc3 Ke3 56. Kh2 Kd2 57. Kg3 Kxc2 0-1

[Event "LTU-ch"]
[Site "Vilnius"]
[Date "2017.03.03"]
[Round "9"]
[White "Boyajyan, David"]
[Black "Voronov, Vadim"]
[Result "0-1"]
[WhiteElo "1601"]
[BlackElo "1799"]
[PlyCount "62"]
[EventDate "2017.02.25"]
[EventType "swiss"]
[EventRounds "9"]
[EventCountry "LTU"]
[SourceTitle "CBM 177 Extra"]
[Source "ChessBase"]
[SourceDate "2017.04.27"]
[SourceVersion "1"]
[SourceVersionDate "2017.04.27"]
[SourceQuality "1"]

1. Nf3 d5 2. b3 c5 3. e3 Nf6 4. Bb2 e6 5. Bb5+ Nbd7 6. 0-0 Bd6 7. d3 0-0 8. Bxd7 Nxd7 9. Nbd2 f5 10. e4 fxe4 11. dxe4 d4 12. Re1 e5 13. Nc4 Qe7 14. a4 Nf6 15. h3 b6 16. Bc1 Ba6 17. Bg5 Bxc4 18. Bxf6 Qxf6 19. bxc4 Rf7 20. a5 Bc7 21. a6 Raf8 22. Qd2 Qg6 23. Qg5 Qe6 24. Ra4 Rf4 25. Qg3 R8f6 26. Rf1 Rg6 27. Ng5 Qe7 28. h4 h6 29. Qh3 hxg5 30. h5 g4 31. Qd3 Rh6 0-1

[Event "LTU-ch"]
[Site "Vilnius"]
[Date "2017.02.28"]
[Round "5"]
[White "Indriunas, Matas"]
[Black "Voronov, Vadim"]
[Result "1-0"]
[WhiteElo "1652"]
[BlackElo "1799"]
[PlyCount "119"]
[EventDate "2017.02.25"]
[EventType "swiss"]
[EventRounds "9"]
[EventCountry "LTU"]
[SourceTitle "CBM 177 Extra"]
[Source "ChessBase"]
[SourceDate "2017.04.27"]
[SourceVersion "1"]
[SourceVersionDate "2017.04.27"]
[SourceQuality "1"]

1. e4 e5 2. Nf3 Nc6 3. Bc4 Nf6 4. d3 Bc5 5. c3 a6 6. Bb3 d6 7. 0-0 Bg4 8. Re1 h6 9. Nbd2 0-0 10. h3 Be6 11. Bc2 Nh7 12. Nf1 Qf6 13. Be3 Bxe3 14. Nxe3 Ng5 15. Nxg5 Qxg5 16. Qf3 Ne7 17. d4 Ng6 18. Nf5 Rae8 19. g3 Bd7 20. Kh2 Ne7 21. Rad1 Nxf5 22. exf5 Bc6 23. d5 Bd7 24. h4 Qf6 25. Kh3 g6 26. g4 g5 27. hxg5 hxg5 28. Kg2 Kg7 29. Rh1 Rh8 30. Be4 Rh4 31. Rxh4 gxh4 32. Kh3 Rh8 33. Rg1 Qg5 34. Qe3 Kf6 35. c4 b6 36. b4 Ra8 37. c5 bxc5 38. bxc5 Qxe3+ 39. fxe3 Kg5 40. c6 Bc8 41. Rb1 a5 42. Bd3 a4 43. Bf1 a3 44. Rb4 f6 45. Be2 Ra5 46. Rb8 Bxf5 47. Rg8+ Kh6 48. gxf5 Rxd5 49. Rg6+ Kh7 50. Rxf6 Rd2 51. Bc4 Rc2 52. Bd5 e4 53. Rf7+ Kh8 54. Rxc7 Rc3 55. Rc8+ Kh7 56. c7 Rxe3+ 57. Kxh4 Rc3 58. Bxe4 Rc4 59. Kg5 Rc5 60. Rb8 1-0

[Event "LTU-ch"]
[Site "Vilnius"]
[Date "2017.02.27"]
[Round "4"]
[White "Voronov, Vadim"]
[Black "Leclere, Daniel"]
[Result "0-1"]
[WhiteElo "1799"]
[BlackElo "1418"]
[PlyCount "44"]
[EventDate "2017.02.25"]
[EventType "swiss"]
[EventRounds "9"]
[EventCountry "LTU"]
[SourceTitle "CBM 177 Extra"]
[Source "ChessBase"]
[SourceDate "2017.04.27"]
[SourceVersion "1"]
[SourceVersionDate "2017.04.27"]
[SourceQuality "1"]

1. e4 e5 2. Nc3 Nf6 3. Bc4 Nxe4 4. Qh5 Nd6 5. Bb3 Nc6 6. Nb5 g6 7. Qf3 f5 8. Qd5 Qf6 9. Nxc7+ Kd8 10. Nxa8 b6 11. d3 Bb7 12. Nxb6 axb6 13. h4 h6 14. Nf3 Nd4 15. Bg5 hxg5 16. hxg5 Rxh1+ 17. Kd2 Nxf3+ 18. Kc3 Qxg5 19. Qxf3 Bxf3 20. Rxh1 Nb5+ 21. Kc4 Qf4+ 22. Kxb5 Qb4+ 0-1

[Event "LTU-ch"]
[Site "Vilnius"]
[Date "2017.02.26"]
[Round "3"]
[White "Mickevicius, Juras"]
[Black "Voronov, Vadim"]
[Result "1/2-1/2"]
[WhiteElo "2297"]
[BlackElo "1799"]
[PlyCount "99"]
[EventDate "2017.02.25"]
[EventType "swiss"]
[EventRounds "9"]
[EventCountry "LTU"]
[SourceTitle "CBM 177 Extra"]
[Source "ChessBase"]
[SourceDate "2017.04.27"]
[SourceVersion "1"]
[SourceVersionDate "2017.04.27"]
[SourceQuality "1"]

1. d4 d5 2. c4 Bf5 3. cxd5 Bxb1 4. Qa4+ c6 5. dxc6 Nxc6 6. Rxb1 Qxd4 7. Qxd4 Nxd4 8. e3 Nc6 9. b4 e6 10. a3 Be7 11. Nf3 Bf6 12. Nd2 Rd8 13. Ne4 Be5 14. Bd2 Nge7 15. g3 0-0 16. Ke2 Nd5 17. Rb3 b6 18. Bg2 Nce7 19. f4 Bb8 20. Nf2 Nf5 21. Rd3 Nde7 22. Bb7 Rxd3 23. Nxd3 Rd8 24. Rc1 h6 25. a4 Nd6 26. Bf3 Rc8 27. Rxc8+ Nexc8 28. b5 Nc4 29. Bc3 Bd6 30. Bb7 Ne7 31. e4 f6 32. Nb4 Kf7 33. Nc2 Bc7 34. Kd3 Nd6 35. Ba8 Ke8 36. e5 fxe5 37. Bxe5 g6 38. Nd4 Kf7 39. Nc6 Nxc6 40. Bxc6 Ke7 41. g4 g5 42. fxg5 hxg5 43. Bg3 Kf6 44. Kd4 Bb8 45. Be5+ Kf7 46. Bf3 Bc7 47. Be4 Bb8 48. Bd3 Bc7 49. Bc2 Bb8 50. Bd3 1/2-1/2

[Event "LTU-chT"]
[Site "Lithuania"]
[Date "2017.01.28"]
[Round "1.3"]
[White "Klabis, Rokas"]
[Black "Voronov, Vadim"]
[Result "1-0"]
[WhiteElo "2252"]
[BlackElo "1799"]
[PlyCount "105"]
[EventDate "2017.01.28"]
[EventType "team-swiss"]
[EventRounds "7"]
[EventCountry "LTU"]
[SourceTitle "CBM 176 Extra"]
[Source "ChessBase"]
[SourceDate "2017.03.02"]
[SourceVersion "1"]
[SourceVersionDate "2017.03.02"]
[SourceQuality "1"]
[WhiteTeam "Panevezys Gigant Chess"]
[BlackTeam "Vilnius Pasaku"]
[WhiteTeamCountry "LTU"]
[BlackTeamCountry "LTU"]

1. d4 d5 2. Nf3 Bf5 3. Bf4 e6 4. e3 Bd6 5. Nbd2 Nf6 6. Ne5 0-0 7. Be2 Nfd7 8. g4 Be4 9. Nxe4 Bxe5 10. dxe5 dxe4 11. Qd4 c5 12. Qxe4 Qa5+ 13. c3 Nc6 14. Rd1 Qc7 15. Bd3 g6 16. Bh6 Ncxe5 17. Bxf8 Rxf8 18. Be2 Nf6 19. Qf4 Nd5 20. Qg3 f6 21. 0-0 f5 22. gxf5 Rxf5 23. f4 Nf7 24. Bg4 Rf6 25. Bxe6 Rxe6 26. Rxd5 Qe7 27. Rf3 Nd6 28. f5 Rf6 29. Qe5 Qf8 30. e4 Nc4 31. Qc7 Nd6 32. Rfd3 Ne8 33. Qxc5 Qh6 34. Qe3 Qh4 35. Qg3 Qxe4 36. Re5 Qa4 37. Rd8 Rf8 38. b3 Qc6 39. Qe3 Nd6 40. Rxf8+ Kxf8 41. fxg6 hxg6 42. Qc5 Qd7 43. h3 Kg7 44. Rd5 Qxh3 45. Qd4+ Kh7 46. Rxd6 Qg3+ 47. Kf1 Qf3+ 48. Ke1 Qg3+ 49. Kd1 Qf3+ 50. Kc1 Qf1+ 51. Kb2 Qe2+ 52. Qd2 Qe5 53. Rd7+ 1-0

[Event "WchT Amateur"]
[Site "Kaunas"]
[Date "2016.11.28"]
[Round "9.2"]
[White "Voronov, Vadim"]
[Black "Ceponis, Tadas"]
[Result "0-1"]
[WhiteElo "1821"]
[BlackElo "2111"]
[PlyCount "40"]
[EventDate "2016.11.20"]
[EventType "team-swiss"]
[EventRounds "9"]
[EventCountry "LTU"]
[SourceTitle "CBM 175 Extra"]
[Source "ChessBase"]
[SourceDate "2016.12.12"]
[SourceVersion "1"]
[SourceVersionDate "2016.12.12"]
[SourceQuality "1"]
[WhiteTeam "Lithuania Vilnius"]
[BlackTeam "Lithuania VDU"]
[WhiteTeamCountry "LTU"]
[BlackTeamCountry "LTU"]

1. e4 c5 2. d4 cxd4 3. c3 d5 4. exd5 Qxd5 5. cxd4 Nc6 6. Nf3 Bg4 7. Nc3 Bxf3 8. Nxd5 Bxd1 9. Nc7+ Kd7 10. Nxa8 Bh5 11. d5 Nd4 12. Bf4 e5 13. Bd3 exf4 14. 0-0 Bd6 15. Rac1 Be2 16. Rcd1 Bxd1 17. Rxd1 Ne7 18. Be4 Ndf5 19. Bd3 Rxa8 20. g4 fxg3 0-1

[Event "WchT Amateur"]
[Site "Kaunas"]
[Date "2016.11.23"]
[Round "4.2"]
[White "Voronov, Vadim"]
[Black "Gailiunas, Vytautas"]
[Result "1-0"]
[WhiteElo "1821"]
[BlackElo "1695"]
[PlyCount "87"]
[EventDate "2016.11.20"]
[EventType "team-swiss"]
[EventRounds "9"]
[EventCountry "LTU"]
[SourceTitle "CBM 175 Extra"]
[Source "ChessBase"]
[SourceDate "2016.12.12"]
[SourceVersion "1"]
[SourceVersionDate "2016.12.12"]
[SourceQuality "1"]
[WhiteTeam "Lithuania Vilnius"]
[BlackTeam "Lithuania Margiris"]
[WhiteTeamCountry "LTU"]
[BlackTeamCountry "LTU"]

1. e4 c5 2. d4 cxd4 3. c3 Nf6 4. e5 Nd5 5. Nf3 e6 6. cxd4 d6 7. a3 Nc6 8. exd6 Bxd6 9. Bc4 0-0 10. 0-0 a6 11. Qe2 Be7 12. Rd1 Bf6 13. Nc3 Nxc3 14. bxc3 Qa5 15. Bd2 Qh5 16. Ng5 Qxe2 17. Bxe2 b5 18. Bd3 h6 19. Nh7 Rd8 20. Nxf6+ gxf6 21. Bxh6 Bd7 22. Re1 Ne7 23. h4 Kh8 24. Bf4 Rac8 25. Rac1 Ng6 26. Bg3 Bc6 27. Bxg6 fxg6 28. Rxe6 Rf8 29. Bd6 Bd5 30. Re7 Rf7 31. Re3 Rh7 32. Rce1 Rxh4 33. Re8+ Rxe8 34. Rxe8+ Kg7 35. Re7+ Kg8 36. f3 a5 37. Rd7 Rh7 38. Rd8+ Kf7 39. Bc7 Rh5 40. g4 Rh3 41. Rxd5 Rxf3 42. Rc5 a4 43. Kg2 Rd3 44. Ba5 1-0

[Event "LTU-ch sf"]
[Site "Vilnius"]
[Date "2016.03.09"]
[Round "5"]
[White "Vaitonis, Vytautas"]
[Black "Voronov, Vadim"]
[Result "1/2-1/2"]
[WhiteElo "1944"]
[BlackElo "1830"]
[PlyCount "82"]
[EventDate "2016.03.06"]
[EventType "swiss"]
[EventRounds "8"]
[EventCountry "LTU"]
[SourceTitle "CBM 171 Extra"]
[Source "ChessBase"]
[SourceDate "2016.04.26"]
[SourceVersion "1"]
[SourceVersionDate "2016.04.26"]
[SourceQuality "1"]

1. c4 Nf6 2. Nc3 e6 3. e4 d5 4. e5 Ne4 5. cxd5 exd5 6. Nxe4 dxe4 7. Qa4+ Nc6 8. Qxe4 Qd4 9. Qxd4 Nxd4 10. Bd3 Bd7 11. Ne2 Bc5 12. b4 Nxe2 13. bxc5 Nxc1 14. Rxc1 Bc6 15. Bc4 0-0 16. 0-0 Rad8 17. d3 Bd5 18. Rfd1 Rfe8 19. f4 Kf8 20. Kf2 Re7 21. d4 Red7 22. Bxd5 Rxd5 23. Ke3 Ke7 24. g4 f6 25. Rd2 g5 26. exf6+ Kxf6 27. Rf1 Re8+ 28. Kd3 Red8 29. Kc4 c6 30. fxg5+ Kxg5 31. Rf7 R8d7 32. Rxd7 Rxd7 33. d5 b5+ 34. cxb6 axb6 35. Rd3 Rd6 36. dxc6 Rxc6+ 37. Kb5 Rc2 38. Kxb6 Rxa2 39. h3 Rh2 40. Rd5+ Kg6 41. Rh5 Rc2 1/2-1/2

[Event "Palanga Baltija op-A"]
[Site "Palanga"]
[Date "2014.06.18"]
[Round "4"]
[White "Voronov, Vadim"]
[Black "Klepeckaite, Radvile"]
[Result "1/2-1/2"]
[WhiteElo "1809"]
[BlackElo "1710"]
[PlyCount "21"]
[EventDate "2014.06.16"]
[EventType "swiss"]
[EventRounds "9"]
[EventCountry "LTU"]
[SourceTitle "CBM 161 Extra"]
[Source "ChessBase"]
[SourceDate "2014.08.29"]
[SourceVersion "1"]
[SourceVersionDate "2014.08.29"]
[SourceQuality "1"]

1. d4 d5 2. Nf3 Nf6 3. e3 Nc6 4. c3 Bf5 5. Bd3 Bxd3 6. Qxd3 e6 7. 0-0 Bd6 8. Nbd2 0-0 9. e4 dxe4 10. Nxe4 Be7 11. Bf4 1/2-1/2

[Event "Vilnius School Rating"]
[Site "Vilnius"]
[Date "2014.04.02"]
[Round "10.5"]
[White "Voronov, Vadim"]
[Black "Zukauskas, Petras"]
[Result "1-0"]
[WhiteElo "1865"]
[BlackElo "1820"]
[PlyCount "135"]
[EventDate "2014.01.14"]
[EventType "tourn"]
[EventRounds "10"]
[EventCountry "LTU"]
[SourceTitle "EXT 2024"]
[Source "ChessBase"]
[SourceDate "2023.10.10"]
[SourceVersion "1"]
[SourceVersionDate "2023.10.10"]
[SourceQuality "1"]

1. e4 c6 2. d4 d5 3. e5 g6 4. Bd3 Bg7 5. f4 h5 6. Nf3 Nh6 7. c3 Bf5 8. 0-0 0-0 9. h3 e6 10. Bxf5 exf5 11. Re1 Re8 12. Be3 Nd7 13. Nbd2 Nf8 14. Ng5 Ne6 15. Nxe6 fxe6 16. Nf3 b6 17. Re2 Qc7 18. Qe1 c5 19. Qg3 cxd4 20. Bxd4 Kh7 21. Kh1 Bf8 22. Rg1 Be7 23. Nh2 Kg7 24. Qd3 Rh8 25. g3 Qc4 26. Qxc4 dxc4 27. Nf3 Nf7 28. h4 Rhd8 29. a4 Rd5 30. Ra1 Nd8 31. a5 bxa5 32. Ra4 Rc8 33. Bxa7 Nc6 34. Bf2 Nd8 35. Nd2 Nb7 36. Nxc4 Bd8 37. Kg2 Nc5 38. Bxc5 Rcxc5 39. Nd6 Bc7 40. c4 Rd4 41. Ne8+ Kf7 42. Nxc7 Rxc7 43. b3 Rd3 44. Rb2 Rb7 45. Rxa5 Rbxb3 46. Rxb3 Rxb3 47. Ra7+ Kf8 48. Rc7 Rb2+ 49. Kf3 Rb3+ 50. Kf2 Rb2+ 51. Ke3 Rb3+ 52. Kd4 Rxg3 53. Kc5 Rd3 54. Kc6 Rd4 55. c5 Rxf4 56. Kd6 Rxh4 57. Kxe6 Rd4 58. Kf6 Rd8 59. e6 Re8 60. Rf7+ Kg8 61. Rg7+ Kh8 62. Rxg6 Kh7 63. Kf7 h4 64. Rg5 Kh6 65. Rxf5 Rc8 66. e7 h3 67. e8Q Rxe8 68. Kxe8 1-0